On the road /
Sparad:
| Huvudupphovsman: | |
|---|---|
| Materialtyp: | Bok |
| Språk: | English |
| Publicerad: |
London :
Penguin Books,
1972.
|
| Ämnen: | |
| Taggar: |
Lägg till en tagg
Inga taggar, Lägg till första taggen!
|
| Thư viện lưu trữ: | Mạng thư viện Đại học Đà Nẵng |
|---|
| LEADER | 00789cam a2200325 i 4500 | ||
|---|---|---|---|
| 001 | 000045817 | ||
| 003 | 5016 | ||
| 005 | 20030318153228.0 | ||
| 008 | 010220|1972 vm 000 eng | ||
| 020 | |a 0140274154 | ||
| 040 | |a IRC |c IRC |d IRC | ||
| 041 | 0 | |a eng | |
| 082 | 1 | 4 | |a 813.54 |b KE-J |
| 100 | 1 | |a Kerouac, Jack, |d 1922-1969. | |
| 245 | 0 | 7 | |a On the road / |c Jack Kerouac, 1922-1969. |
| 260 | |a London : |b Penguin Books, |c 1972. | ||
| 300 | |a 291p. | ||
| 630 | 0 | 4 | |a Fiction. |
| 630 | 0 | 4 | |a Beat generation. |
| 650 | 0 | 4 | |a Beat generation |x Fiction. |
| OWN | |a DUT | ||
| 999 | |a From the UDN01 | ||
| TYP | |a Monograph | ||
| TYP | |a Printed language | ||
| 980 | |a Mạng thư viện Đại học Đà Nẵng | ||


